• 首页
  • 本馆介绍
  • 公告通知
  • 最新文献
  • 馆藏检索
  • 电子资源
  • 读者导购
  • 参考咨询
  • 我的图书馆
  • 登录
  • 详细信息显示
  • 放入我的书架
  • 预约/预借图书
  • 作者相关作品
  • 分类相关作品
  • 丛书相关作品
  • 出版社相关作品

书目信息

  • 表格格式
  • 工作单格式
  • 卡片格式
题名:
人体的结构与形态
    
 
作者: 陈向 编著
分册:  
出版信息: 上海   上海人民美术出版社  1978
页数: 120页
开本: 19cm
丛书名: 工农兵美术技法丛书
单 册:
中图分类: J211.25
科图分类:
主题词: 艺用人体解剖学 , 绘画--技法(美术)
电子资源:
ISBN:
000 00713nam2 2200253 45
001 0178000506
005 20060820152437.48
010    @dCNY0.34
091    @a8081.11059
100    @a19950724d1978 em y0chiy0121 ea
101 0  @achi
102    @aCN@b310000
105    @af z 000yy
200 10 @a人体的结构与形态@Aren ti de jie gou yu xing tai@f陈向编著@Fchen xiang bian zhu
210    @a上海@c上海人民美术出版社@d1978
215    @a120页@c图@d19cm
225 2  @a工农兵美术技法丛书
410  0 @120010@a工农兵美术技法丛书
606    @a艺用人体解剖学
606 0  @a绘画@x技法(美术)
690    @aJ211.25
701  0 @a陈向@Achen xiang@4编著
801  0 @aCN@bNLC@c20060820
905    @f1@b107514@dJ211.25@e41
    
    人体的结构与形态/陈向编著.-上海:上海人民美术出版社,1978
    120页:图;19cm.-(工农兵美术技法丛书)
    
    
    ISBN :CNY0.34
    
●
相关链接 在E读中查询图书 在五车中查询图书 在当当中查询图书 在豆瓣中查询图书


正题名:人体的结构与形态     索取号:J211.25/41         预约/预借

序号 登录号 条形码 馆藏地/架位号 状态 备注
1 0107513   202302356   密集书库/ [索取号:J211.25/41] 在馆    
2 0107514   001213476   第一样本阅览室/ [索取号:J211.25/41] 在馆    
3 0451732   204517326   密集书库/ [索取号:J211.25/41] 在馆    
4 0467213   204672130   密集书库/ [索取号:J211.25/41] 在馆    
唐山师范学院图书馆 欢迎您!
大连网信软件有限公司© 版权所有